[Event "ESP-ch U14 rapid"]
[Site "Salobrena"]
[Date "2024.07.21"]
[Round "7"]
[White "Blanco Garcia Bajo, David"]
[Black "Gonzalez Jimenez, Marcos Valero"]
[Result "1-0"]
[WhiteElo "1966"]
[BlackElo "1789"]
[PlyCount "53"]
[EventDate "2024.07.20"]
[EventType "swiss (rapid)"]
[EventRounds "9"]
[EventCountry "ESP"]
[SourceTitle "CBM 221 Extra"]
[Source "ChessBase"]
[SourceDate "2024.09.30"]
[SourceVersion "1"]
[SourceVersionDate "2024.09.30"]
[SourceQuality "1"]

1. e4 c5 2. Nc3 Nc6 3. g3 g6 4. Bg2 Bg7 5. d3 e6 6. Be3 b6 7. Qd2 Nge7 8. Bh6 0-0 9. h4 d5 10. Bxg7 Kxg7 11. h5 Rh8 12. h6+ Kf8 13. Qf4 d4 14. Nb5 e5 15. Qf6 Rg8 16. Nf3 Nb4 17. Ng5 Ke8 18. Qxf7+ Kd7 19. Qe6+ Ke8 20. Nd6+ Qxd6 21. Qxd6 Nxc2+ 22. Kd2 Nxa1 23. Nxh7 Rh8 24. Nf6+ Kf7 25. Qxe5 Be6 26. Ne8 Rg8 27. Nc7 1-0

[Event "ESP-ch U12 rapid"]
[Site "Salobrena"]
[Date "2023.07.16"]
[Round "7"]
[White "Gonzalez Jimenez, Marcos Valero"]
[Black "Krauchi Romero, Martin"]
[Result "0-1"]
[WhiteElo "1325"]
[BlackElo "1729"]
[PlyCount "106"]
[EventDate "2023.07.15"]
[EventType "swiss (rapid)"]
[EventRounds "9"]
[EventCountry "ESP"]
[SourceTitle "EXT 2024"]
[Source "ChessBase"]
[SourceDate "2023.10.10"]
[SourceVersion "1"]
[SourceVersionDate "2023.10.10"]
[SourceQuality "1"]

1. e4 c5 2. Nf3 Nc6 3. d4 cxd4 4. Nxd4 g6 5. c4 Bg7 6. Be3 Nf6 7. Nc3 0-0 8. Qd2 Ng4 9. Nxc6 bxc6 10. Be2 Nxe3 11. Qxe3 Qb6 12. Qxb6 axb6 13. 0-0 d6 14. a3 Bxc3 15. bxc3 Be6 16. Rfb1 Rfb8 17. Kf1 c5 18. Ke1 Ra4 19. f3 Bxc4 20. Bxc4 Rxc4 21. Kd2 Ra4 22. Kc2 Kg7 23. Rb5 Rba8 24. Kb2 R4a6 25. Kb3 Kf6 26. f4 Ke6 27. c4 f5 28. exf5+ Kxf5 29. g3 e5 30. fxe5 dxe5 31. Kb2 e4 32. Rb3 Rd8 33. Rf1+ Ke5 34. Re1 Rd4 35. Rc3 Ra7 36. Kb3 Rad7 37. Kc2 Rd2+ 38. Kb3 R7d3 39. Rxd3 Rxd3+ 40. Ka4 Kd4 41. Kb5 e3 42. Kxb6 Kxc4 43. Rc1+ Kd4 44. a4 e2 45. Re1 Ke3 46. a5 Rd1 47. Rxe2+ Kxe2 48. a6 Ra1 49. a7 c4 50. Kb7 c3 51. a8Q Rxa8 52. Kxa8 c2 53. Kb7 c1Q 0-1

[Event "ESP-ch U12 rapid"]
[Site "Salobrena"]
[Date "2023.07.16"]
[Round "6"]
[White "Xia, Yan"]
[Black "Gonzalez Jimenez, Marcos Valero"]
[Result "0-1"]
[WhiteElo "1193"]
[BlackElo "1325"]
[PlyCount "42"]
[EventDate "2023.07.15"]
[EventType "swiss (rapid)"]
[EventRounds "9"]
[EventCountry "ESP"]
[SourceTitle "EXT 2024"]
[Source "ChessBase"]
[SourceDate "2023.10.10"]
[SourceVersion "1"]
[SourceVersionDate "2023.10.10"]
[SourceQuality "1"]

1. e4 e5 2. Nf3 Nc6 3. Nc3 Nf6 4. Bc4 Bc5 5. d3 d6 6. h3 h6 7. Be3 Bb6 8. Nd5 0-0 9. 0-0 Na5 10. Nxb6 axb6 11. Bb3 Nxb3 12. cxb3 Be6 13. Rc1 Rxa2 14. Qc2 c5 15. Nh2 Qd7 16. f4 Qb5 17. fxe5 dxe5 18. Rf3 Qxb3 19. Qf2 Qxb2 20. Qg3 Nh5 21. Qh4 Qxg2# 0-1

[Event "ESP-ch U12"]
[Site "Salobrena"]
[Date "2023.07.11"]
[Round "3"]
[White "Collado Perez, Marcos"]
[Black "Gonzalez Jimenez, Marcos Valero"]
[Result "1-0"]
[WhiteElo "1503"]
[BlackElo "1278"]
[PlyCount "155"]
[EventDate "2023.07.10"]
[EventType "swiss"]
[EventRounds "9"]
[EventCountry "ESP"]
[SourceTitle "EXT 2024"]
[Source "ChessBase"]
[SourceDate "2023.10.10"]
[SourceVersion "1"]
[SourceVersionDate "2023.10.10"]
[SourceQuality "1"]

1. e4 e5 2. Nc3 Nf6 3. Bc4 Bc5 4. d3 h6 5. f4 d6 6. Na4 Bxg1 7. Rxg1 c6 8. Nc3 Bg4 9. Qd2 Be6 10. Bxe6 fxe6 11. fxe5 dxe5 12. Qf2 Nbd7 13. Qg3 g5 14. b3 Qe7 15. Bb2 0-0-0 16. 0-0-0 Nh5 17. Qe3 Kb8 18. g3 Rhf8 19. Rgf1 Nhf6 20. Rf3 g4 21. Rf2 Qg7 22. Rdf1 Nh7 23. Ba3 Rxf2 24. Qxf2 Ndf6 25. Qc5 Qg5+ 26. Kb1 Rd7 27. Bc1 Qh5 28. Rf2 Rd8 29. Qe7 Re8 30. Qd6+ Ka8 31. Na4 b6 32. Qxc6+ Kb8 33. Qd6+ Kb7 34. Nb2 Kc8 35. Nc4 Nd7 36. Bb2 Rf8 37. Nxe5 Qe8 38. Qxd7+ Qxd7 39. Rxf8+ Nxf8 40. Nxd7 Nxd7 41. Bc1 h5 42. Kb2 Kc7 43. Kc3 Kd6 44. Bf4+ e5 45. Be3 Nf6 46. Kb4 Kc6 47. c4 a6 48. c5 b5 49. Ka5 Nd7 50. Kxa6 Nxc5+ 51. Bxc5 Kxc5 52. a4 bxa4 53. bxa4 Kc6 54. a5 Kc5 55. Kb7 Kd4 56. a6 Kxd3 57. a7 Kxe4 58. a8Q Kf3 59. Kb6+ e4 60. Kc5 Kg2 61. Qxe4+ Kxh2 62. Qf4 Kg1 63. Qd2 Kh1 64. Kd5 h4 65. gxh4 g3 66. h5 g2 67. Qxg2+ Kxg2 68. h6 Kf2 69. h7 Ke3 70. h8Q Kf4 71. Qe5+ Kg4 72. Qf6 Kg3 73. Qf5 Kg2 74. Qf4 Kh1 75. Qg4 Kh2 76. Ke4 Kh1 77. Kf3 Kh2 78. Qg2# 1-0